Tourism: (Record no. 364442)
[ view plain ]
| 000 -LEADER | |
|---|---|
| fixed length control field | 00375nam a2200133Ia 4500 |
| 008 - FIXED-LENGTH DATA ELEMENTS--GENERAL INFORMATION | |
| fixed length control field | 200924s9999 xx 000 0 und d |
| 020 ## - INTERNATIONAL STANDARD BOOK NUMBER | |
| International Standard Book Number | 978-981-31-3529-1 |
| 100 ## - MAIN ENTRY--PERSONAL NAME | |
| Personal name | Fletcher, John |
| 245 ## - TITLE STATEMENT | |
| Statement of responsibility, etc | John Fletcher |
| Title | Tourism: |
| Remainder of title | principles and practice/ |
| 250 ## - EDITION STATEMENT | |
| Edition statement | 6th ed. |
| 260 ## - PUBLICATION, DISTRIBUTION, ETC. (IMPRINT) | |
| Place of publication, distribution, etc | Manila: |
| Name of publisher, distributor, etc | C&E Publishing |
| Date of publication, distribution, etc | 2019 |
| 300 ## - PHYSICAL DESCRIPTION | |
| Extent | xxii, 636 pages |
| Dimensions | 25 cm. |
| 650 ## - SUBJECT ADDED ENTRY--TOPICAL TERM | |
| Topical term or geographic name as entry element | Tourism |
| Withdrawn status | Lost status | Damaged status | Home library | Current library | Shelving location | Date acquired | Source of acquisition | Total Checkouts | Full call number | Barcode | Date last seen | Price effective from | Koha item type |
|---|---|---|---|---|---|---|---|---|---|---|---|---|---|
| College Library | College Library | Reserve Section | 09/24/2020 | G 155 .F612 2019 | C22551 | 09/24/2020 | 09/24/2020 | Books |